| 000 | 00000cam 2200000zi 4500 |
| 001 | 9.958047 |
| 003 | CaOODSP |
| 005 | 20251208105630 |
| 006 | m o d f |
| 007 | cr bn||||||||| |
| 008 | 251208s2025 onc ol f000 0|fre d |
| 040 | |aCaOODSP|bfre|erda|cCaOODSP |
| 041 | |afre|aeng |
| 043 | |an-cn--- |
| 086 | 1 |aXB451-258/1-PDF |
| 110 | 1 |aCanada. |bParlement. |bChambre des communes, |eorganisme de publication. |
| 245 | 13|aAn Act to amend the Criminal Code to address the Supreme Court of Canada decision in R. v. Jordan = |bLoi modifiant le Code criminel pour donner suite à l’arrêt R. c. Jordan de la Cour suprême du Canada. |
| 246 | 11|aLoi modifiant le Code criminel pour donner suite à l’arrêt R. c. Jordan de la Cour suprême du Canada |
| 264 | 1|a[Ottawa] : |bHouse of Commons of Canada = Chambre des communes du Canada, |c2025. |
| 300 | |a1 ressource en ligne (ii, 2 pages). |
| 336 | |atexte|btxt|2rdacontent/fre |
| 337 | |ainformatique|bc|2rdamedia/fre |
| 338 | |aressource en ligne|bcr|2rdacarrier/fre |
| 490 | 1 |aProjet de loi C-... ; |vProjet de loi C-258, 1re session, 45e législature |
| 500 | |a« Première session, quarante-cinquième législature, 3-4 Charles III, 2025. » |
| 500 | |a« Première lecture le 3 décembre 2025. » |
| 500 | |a« M. Fortin. » |
| 520 | |a« Le texte modifie le Code criminel afin de codifier le cadre d’analyse établi par la Cour suprême du Canada dans l’arrêt R. c. Jordan relativement au droit de l’accusé en attente d’un procès devant une cour supérieure ou une cour provinciale d’être jugé dans un délai raisonnable et d’énoncer des exceptions à ce cadre » -- Sommaire, page ii. |
| 546 | |aTexte en français et en anglais. |
| 610 | 16|aCanada. |tCode criminel. |
| 650 | 6|aJustice pénale|xAdministration|zCanada|vLégislation. |
| 650 | 6|aProcès|xDroit|zCanada|vLégislation. |
| 650 | 6|aProcès sommaire|xDroit|zCanada|vLégislation. |
| 655 | 7|aProjets de loi|2rvmgf |
| 788 | |tAn Act to amend the Criminal Code to address the Supreme Court of Canada decision in R. v. Jordan = |eeng|w(CaOODSP)9.958046 |
| 830 | #0|aProjet de loi C-...|vProjet de loi C-258, 1re session, 45e législature.|w(CaOODSP)9.500660 |
| 856 | 40|qPDF|s135 Ko|uhttps://publications.gc.ca/collections/collection_2025/parl/XB451-258-1.pdf |
| 856 | 4 |qHTML|sS.O.|uhttps://www.parl.ca/documentviewer/fr/45-1/projet-loi/C-258/premiere-lecture |
| 986 | |a451031 |